Представление документа в формате MARC21

Поле Инд. ПП Название Значение
Тип записи a
Библиографический уровень m
001 Контрольный номер RU/IS/BASE/114701699
005 Дата корректировки 20250630095403.5
022 0_ a ISSN 0130-1616
041 0_ a Код языка текста rus
084 a Индекс другой классификации/Индекс ББК 84; 71.044; 85.103(2=411.2)6; 84(2=411.2)6; 83.3(2=411.2)6
090 a Полочн. индекс 95.2
245 10 a Заглавие Знамя
b Продолж. заглавия ежемесячный литературно-художественный и общественно-политический журнал
c Ответственность учредитель: трудовой коллектив редакции журнала "Знамя"; гл. ред. С. Чупринин
n Номер части/ раздела №8/2003
260 a Место издания Москва
b Издательство Знамя
c Дата издания 2003
300 a Объем 240 с.
500 a Примечание Журнал
505 0_ a Форматированное содержание "Новое дело" интеллигенции, или Хождение в народ-2
b Автор Загидуллина М.
505 0_ a Форматированное содержание "Стихами мучить молодежь..."
b Автор Домбровский Ю.
505 0_ a Форматированное содержание Англасахаб: 115 английских, ирландских и американских поэтов
b Автор Стариковский Г.
505 0_ a Форматированное содержание Биг-бит
b Автор Арабов Ю.
n Доп. информация Роман. Окончание
505 0_ a Форматированное содержание В русском жанре
b Автор Боровиков С.
505 0_ a Форматированное содержание Дом поэта. Прошлое и настоящее. Дом-музей М. Волошина в Коктебеле
b Автор Люсый А.
505 0_ a Форматированное содержание Малинник
b Автор Тиновская Е.
n Доп. информация Стихи
505 0_ a Форматированное содержание О пользе чтения старых книг
b Автор Глазычев В.
505 0_ a Форматированное содержание Председатель летальной комиссии
b Автор Ильницкая О.
n Доп. информация Рассказы
505 0_ a Форматированное содержание Работа над ошибками
b Автор Брускин Г.
505 0_ a Форматированное содержание Рабочие тетради 60-х годов
b Автор Твардовский А. Т.
505 0_ a Форматированное содержание Рассказы
b Автор Бестужин Е.
505 0_ a Форматированное содержание Союз писателей. Харьков
b Автор Ермошина Г.
505 0_ a Форматированное содержание Стихи для Еремы
b Автор Хлебников О.
505 0_ a Форматированное содержание Стихи Свету
b Автор Бахмина Т.
505 0_ a Форматированное содержание Стихи Татьяне
b Автор Русаков Г.
505 0_ a Форматированное содержание Три рассказа
b Автор Пьецух В.
505 0_ a Форматированное содержание Убежавший в Россию
b Автор Курчаткин А.
505 0_ a Форматированное содержание Цена успеха
b Автор Бакши Л.
b Автор Берелович А.
b Автор Захаров И.
b Автор Золотоносов М.
b Автор Ипполитов А.
b Автор Кабаков А.
b Автор Кабанова О.
b Автор Ремизова М.
600 14 a Персоналии Блок Александр Александрович
a Персоналии Володин Б. Ф.
a Персоналии Волошин Максимилиан Александрович
a Персоналии Клех Игорь
a Персоналии Клюев Николай Алексеевич
a Персоналии Коваль Юрий Иосифович
a Персоналии Корнилова Галина
a Персоналии Кушнер Александр Семенович
a Персоналии Орлицкий Ю. Б.
a Персоналии Перес-Реверте Артуро
a Персоналии Твардовский Александр Трифонович
a Персоналии Чижов Евгений
650 04 a Основная рубрика художественная литература
a Основная рубрика литературоведение
653 0_ a Ключевые слова Государственный литературный музей
a Ключевые слова Дом-музей М.Волошина
a Ключевые слова живопись
a Ключевые слова журналистика
a Ключевые слова изобразительное искусство
a Ключевые слова искусство
a Ключевые слова Коктебель
a Ключевые слова культура
a Ключевые слова культурная жизнь
a Ключевые слова литературная критика
a Ключевые слова музеи
a Ключевые слова русская литература
a Ключевые слова скульптура
a Ключевые слова Союз писателей
a Ключевые слова Харьков
a Ключевые слова эмаль
700 12 a Автор Чупринин С.
e Роль лиц редактор
q Полное имя Чупринин Сергей
700 12 a Автор Тиновская Е.
q Полное имя Тиновская Елена
700 12 a Автор Арабов Ю.
q Полное имя Арабов Юрий
700 12 a Автор Русаков Г. А.
q Полное имя Русаков Геннадий Александрович
700 12 a Автор Пьецух В. А.
q Полное имя Пьецух Вячеслав Алексеевич
700 12 a Автор Хлебников О. Н.
q Полное имя Хлебников Олег Никитович
700 12 a Автор Бестужин Е.
q Полное имя Бестужин Евгений
700 12 a Автор Бахмина Т.
q Полное имя Бахмина Татьяна
700 12 a Автор Ильницкая О.
q Полное имя Ильницкая Ольга
700 12 a Автор Домбровский Ю. О.
q Полное имя Домбровский Юрий Осипович
700 12 a Автор Бруские Г.
q Полное имя Бруские Гриша
700 12 a Автор Твардовский А. Т.
q Полное имя Твардовский Александр Трифонович
700 12 a Автор Глазычев В.
q Полное имя Глазычев Вячеслав
700 12 a Автор Загидуллина М.
q Полное имя Загидуллина Марина
700 12 a Автор Курчаткин А. Н.
q Полное имя Курчаткин Анатолий Николаевич
700 12 a Автор Бакши Л.
q Полное имя Бакши Людмила
700 12 a Автор Берелович А.
q Полное имя Берелович Алексей
700 12 a Автор Захаров И.
q Полное имя Захаров Игорь
700 12 a Автор Золотоносов М. А.
q Полное имя Золотоносов Михаил Анатольевич
700 12 a Автор Ипполитов А.
q Полное имя Ипполитов Аркадий
700 12 a Автор Кабаков А. А.
q Полное имя Кабаков Александр Абрамович
700 12 a Автор Кабанова О.
q Полное имя Кабанова Ольга
700 12 a Автор Ремизова М. С.
q Полное имя Ремизова Мария Станиславовна
700 12 a Автор Боровиков С. Г.
q Полное имя Боровиков Сергей Григорьевич
700 12 a Автор Фаликов И. З.
q Полное имя Фаликов Илья Зиновьевич
700 12 a Автор Касымов А.
q Полное имя Касымов Александр
700 12 a Автор Гримберг Ф.
q Полное имя Гримберг Фаина
700 12 a Автор Стариковский Г. Г.
q Полное имя Стариковский Григорий Геннадьевич
700 12 a Автор Мастерова А.
q Полное имя Мастерова Анна
700 12 a Автор Бугославская О.
q Полное имя Бугославская Ольга
700 12 a Автор Равинский Д.
q Полное имя Равинский Дмитрий
700 12 a Автор Синельников М. И.
q Полное имя Синельников Михаил Исаакович
700 12 a Автор Люсый А. П.
q Полное имя Люсый Александр Павлович
700 12 a Автор Ермошина Г.
q Полное имя Ермошина Галина
700 12 a Автор Бек Т. А.
q Полное имя Бек Татьяна Александровна
773 18 w Контрольный № источника RU/IS/BASE/411140991
901 t Тип документа s
952 a Тип литературы для КСУ ВШ ЛХЖ